Hampstead (Ariana Grande) - lyrics - Statistics

General Stats
  • This quiz has been taken 204 times
    104 since last reset
  • The average score is 220 of 283
Answer Stats
Answer % Correct
a
100%
A
100%
I
100%
in
97%
Hampstead
95%
my
95%
left
93%
be
91%
heart
91%
pub
91%
wrong
91%
And
90%
and
90%
do
90%
mind
90%
of
90%
What
90%
you
90%
You
90%
bit
88%
every
88%
little
88%
no
88%
poison?
88%
the
88%
The
88%
with
88%
your
88%
everything
86%
at
84%
but
84%
But
84%
good
84%
me
84%
me,
84%
So
84%
so
84%
sugar,
83%
still
81%
Tell
81%
who
81%
you're
81%
on
79%
think
79%
to
79%
way
79%
What's
79%
danger
78%
I'm
78%
rather
76%
Rather
76%
would
76%
Cause
74%
feel
74%
right
74%
I'd
72%
know
72%
nothing
72%
reputation
72%
stranger
72%
us
72%
why
72%
away
71%
than
71%
time
71%
up
71%
dumb
69%
even
69%
it
69%
nice
69%
point
69%
some
69%
about
67%
different
67%
heartache
67%
invited?
67%
saved
67%
view
67%
dont
66%
only
66%
same
66%
swimming
66%
when
66%
book
64%
by
64%
far
64%
fucked
64%
makes
64%
must
64%
room
64%
seems
64%
crowded
62%
dying
62%
find
62%
just
62%
off
62%
quite
62%
read
62%
seen
62%
Threw
62%
writing
62%
behavior
60%
drowning
60%
table
60%
was
60%
wonder
60%
alive
59%
frankly
59%
here
59%
misplaced
59%
much
59%
something
59%
too
59%
are
57%
entirely
57%
last
57%
remember
57%
songs
57%
cant
55%
doors
55%
knew
55%
near
55%
peculiar
55%
you've
55%
closed
53%
got
53%
imagine
53%
more
53%
year
53%
home
52%
one
52%
outside
52%
sweet
52%
nowhere
50%
Yes
50%
lines
48%
seat's
48%
There's
48%
badly
47%
forever
47%
wanting
47%
Guess
45%
Fear
41%
inside
41%
lights
41%
all
40%
lover's
40%
while
36%
No matching quizzes found
Score Distribution
Percent of People with Each Score
Percentile by Number Answered
Your Score History
You have not taken this quiz since the last reset